|
|
|
|
| LEADER |
00000cam a2200000 7i4500 |
| 001 |
0000094912 |
| 005 |
20250313085822.0 |
| 008 |
|
| 020 |
|
|
|a 9789670036236 (
|q (paperback))
|
| 040 |
|
|
|e rda
|
| 041 |
|
|
|a Malay
|
| 090 |
0 |
0 |
|a 499.2309
|b SHA
|
| 100 |
0 |
|
|a Shamsul Aizuwani Nawi ,
|e (author)
|
| 245 |
1 |
0 |
|a Sejarah perkembangan Bahasa Melayu
|c Shamsul Aizuwani Nawi
|
| 264 |
|
1 |
|a Puchong, Selangor :
|b MK e-Solution Sdn. Bhd.
|c 2024
|
| 300 |
|
|
|a 205 pages ;
|c 22 cm.
|
| 336 |
|
|
|a text
|2 rdacontent
|
| 337 |
|
|
|a unmediated
|2 rdamedia
|
| 338 |
|
|
|a volume
|2 rdacarrier
|
| 541 |
|
|
|c Purchased on 2024
|f 32112 KZB
|h RM29.00
|
| 650 |
|
0 |
|a Malay language
|x History
|
| 999 |
|
|
|a 0001806983
|b Book
|c Adult Collection
|e Perbadanan Perpustakaan Awam Johor
|
| 999 |
|
|
|a 0001806984
|b Book
|c Adult Collection
|e Perbadanan Perpustakaan Awam Johor
|
| 999 |
|
|
|a 0001806985
|b Book
|c Adult Collection
|e Perbadanan Perpustakaan Awam Johor
|
| 999 |
|
|
|a 0001806986
|b Book
|c Adult Collection
|e Perbadanan Perpustakaan Awam Johor
|
| 999 |
|
|
|a 0001806987
|b Book
|c Adult Collection
|e Perbadanan Perpustakaan Awam Johor
|
| 999 |
|
|
|a 0001806988
|b Book
|c Adult Collection
|e Perbadanan Perpustakaan Awam Johor
|
| 999 |
|
|
|a 0001806989
|b Book
|c Adult Collection
|e Perbadanan Perpustakaan Awam Johor
|
| 999 |
|
|
|a 0001806990
|b Book
|c Adult Collection
|e Perbadanan Perpustakaan Awam Johor
|
| 999 |
|
|
|a 0001806991
|b Book
|c Adult Collection
|e Perbadanan Perpustakaan Awam Johor
|
| 999 |
|
|
|a 0001806992
|b Book
|c Adult Collection
|e Perbadanan Perpustakaan Awam Johor
|
| 999 |
|
|
|a 0001806993
|b Book
|c Adult Collection
|e Perbadanan Perpustakaan Awam Johor
|
| 999 |
|
|
|a 0001806994
|b Book
|c Adult Collection
|e Perbadanan Perpustakaan Awam Johor
|
| 999 |
|
|
|a 0001806995
|b Book
|c Adult Collection
|e Perbadanan Perpustakaan Awam Johor
|
| 999 |
|
|
|a 0001806996
|b Book
|c Adult Collection
|e Perbadanan Perpustakaan Awam Johor
|
| 999 |
|
|
|a 0001806997
|b Book
|c Adult Collection
|e Perbadanan Perpustakaan Awam Johor
|
| 999 |
|
|
|a 0001806998
|b Book
|c Adult Collection
|e Perbadanan Perpustakaan Awam Johor
|
| 999 |
|
|
|a 0001806999
|b Book
|c Adult Collection
|e Perbadanan Perpustakaan Awam Johor
|
| 999 |
|
|
|a 0001809694
|b Book
|c Adult Collection
|e Desa - PPAJ
|
| 999 |
|
|
|a 0001809695
|b Book
|c Adult Collection
|e Desa - PPAJ
|
| 999 |
|
|
|a 0001809696
|b Book
|c Adult Collection
|e Desa - PPAJ
|
| 999 |
|
|
|a 0001809697
|b Book
|c Adult Collection
|e Desa - PPAJ
|
| 999 |
|
|
|a 0001809698
|b Book
|c Adult Collection
|e Desa - PPAJ
|
| 999 |
|
|
|a 0001809699
|b Book
|c Adult Collection
|e Desa - PPAJ
|
| 999 |
|
|
|a 0001809700
|b Book
|c Adult Collection
|e Desa - PPAJ
|
| 999 |
|
|
|a 0001809701
|b Book
|c Adult Collection
|e Desa - PPAJ
|
| 999 |
|
|
|a 0001809702
|b Book
|c Adult Collection
|e Desa - PPAJ
|
| 999 |
|
|
|a 0001809703
|b Book
|c Adult Collection
|e Desa - PPAJ
|
| 999 |
|
|
|a 0001809704
|b Book
|c Adult Collection
|e Desa - PPAJ
|
| 999 |
|
|
|a 0001809705
|b Book
|c Adult Collection
|e Desa - PPAJ
|
| 999 |
|
|
|a 0001809706
|b Book
|c Adult Collection
|e Desa - PPAJ
|
| 999 |
|
|
|a 0001809707
|b Book
|c Adult Collection
|e Desa - PPAJ
|
| 999 |
|
|
|a 0001809708
|b Book
|c Adult Collection
|e Desa - PPAJ
|
| 999 |
|
|
|a 0001809709
|b Book
|c Adult Collection
|e Desa - PPAJ
|
| 999 |
|
|
|a 0001809710
|b Book
|c Adult Collection
|e Desa - PPAJ
|
| 999 |
|
|
|a 0001809711
|b Book
|c Adult Collection
|e Desa - PPAJ
|
| 999 |
|
|
|a 0001809712
|b Book
|c Adult Collection
|e Desa - PPAJ
|
| 999 |
|
|
|a 0001809713
|b Book
|c Adult Collection
|e Desa - PPAJ
|
| 999 |
|
|
|a 0001809714
|b Book
|c Adult Collection
|e Desa - PPAJ
|
| 999 |
|
|
|a 0001809715
|b Book
|c Adult Collection
|e Desa - PPAJ
|
| 999 |
|
|
|a 0001809716
|b Book
|c Adult Collection
|e Desa - PPAJ
|
| 999 |
|
|
|a 0001809717
|b Book
|c Adult Collection
|e Desa - PPAJ
|
| 999 |
|
|
|a 0001809718
|b Book
|c Adult Collection
|e Desa - PPAJ
|
| 999 |
|
|
|a 0001809719
|b Book
|c Adult Collection
|e Desa - PPAJ
|
| 999 |
|
|
|a 0001809720
|b Book
|c Adult Collection
|e Desa - PPAJ
|
| 999 |
|
|
|a 0001809721
|b Book
|c Adult Collection
|e Desa - PPAJ
|
| 999 |
|
|
|a 0001809722
|b Book
|c Adult Collection
|e Desa - PPAJ
|
| 999 |
|
|
|a 0001809723
|b Book
|c Adult Collection
|e Desa - PPAJ
|
| 999 |
|
|
|a 0001809724
|b Book
|c Adult Collection
|e Desa - PPAJ
|
| 999 |
|
|
|a 0001809725
|b Book
|c Adult Collection
|e Desa - PPAJ
|
| 999 |
|
|
|a 0001809726
|b Book
|c Adult Collection
|e Desa - PPAJ
|
| 999 |
|
|
|a 0001809727
|b Book
|c Adult Collection
|e Desa - PPAJ
|
| 999 |
|
|
|a 0001809728
|b Book
|c Adult Collection
|e Desa - PPAJ
|
| 999 |
|
|
|a 0001809729
|b Book
|c Adult Collection
|e Desa - PPAJ
|
| 999 |
|
|
|a 0001809730
|b Book
|c Adult Collection
|e Desa - PPAJ
|
| 999 |
|
|
|a 0001809731
|b Book
|c Adult Collection
|e Desa - PPAJ
|
| 999 |
|
|
|a 0001809732
|b Book
|c Adult Collection
|e Desa - PPAJ
|
| 999 |
|
|
|a 0001809733
|b Book
|c Adult Collection
|e Desa - PPAJ
|
| 999 |
|
|
|a 0001809734
|b Book
|c Adult Collection
|e Desa - PPAJ
|